| 000 | 00821cam a2200277I 4500 | ||
|---|---|---|---|
| 999 |
_c4226 _d4226 |
||
| 001 | 20989 | ||
| 003 | GBCCL | ||
| 005 | 20241126110514.0 | ||
| 008 | 720811s1963 nyu b 000 0 eng | ||
| 010 | _a 64010751 | ||
| 035 | _a(OCoLC)00378640 | ||
| 040 |
_aDLC _cATO _dSER _dOCL |
||
| 049 | _aLBBK | ||
| 050 | 0 |
_aBS2735.3 _bK4 |
|
| 082 |
_a227.807 _bKEL |
||
| 092 |
_a227.82 _bK29 |
||
| 100 | 1 |
_aKelly, J. N. D. _q(John Norman Davidson) _98016 |
|
| 245 | 1 | 2 |
_aA commentary on the pastoral epistles; _bI Timothy, II Timothy, Titus. |
| 250 | _a[1st ed.] | ||
| 260 |
_aNew York, _bHarper & Row _c[c1963] |
||
| 300 |
_a264 p. _c22 cm. |
||
| 440 | 0 |
_aHarper's New Testament commentaries _98017 |
|
| 504 | _aBibliography: p. 37-38. | ||
| 630 | 0 | 0 |
_aBible. _pN.T. _pPastoral Epistles _xCommentaries. _98018 |
| 942 |
_2ddc _cBK _04 |
||